| 000 | 00348 a2200157 4500 | ||
|---|---|---|---|
| 001 | 75761 | ||
| 020 | _a8508097638 | ||
| 040 | _cAnchieta - Colégio São Paulo | ||
| 100 | _aCadier, Florence | ||
| 240 | 1 | 0 |
_aEntre duas casas _lpor |
| 245 | 1 | 0 | _aEntre duas casas |
| 300 | _a103 | ||
| 362 | 0 | _a2005 | |
| 650 | 4 | _aLiteratura juvenil | |
| 942 | _cBK | ||
| 999 |
_c75761 _d75761 |
||